Crumbs bread stories and recipes for the Indian kitchen / (Record no. 104341)
[ view plain ]
| 000 -LEADER | |
|---|---|
| fixed length control field | 00623nam a22001937a 4500 |
| 005 - DATE AND TIME OF LATEST TRANSACTION | |
| control field | 20161206103607.0 |
| 010 ## - LCCN (DPL NO) | |
| LC control number | ENG-116335 |
| 020 ## - INTERNATIONAL STANDARD BOOK NUMBER | |
| International Standard Book Number | 9789350099063 |
| Terms of availability | 450.00 |
| 035 ## - SYSTEM CONTROL NUMBER | |
| System control number | EN-99867 |
| 037 ## - SOURCE OF ACQUISITION | |
| Source of stock number/acquisition | DBAD/PUB |
| 082 ## - DEWEY DECIMAL CLASSIFICATION NUMBER | |
| Classification number | 641.815 |
| 100 ## - MAIN ENTRY--PERSONAL NAME | |
| Personal name | Koranne,Saee |
| 245 ## - TITLE STATEMENT | |
| Title | Crumbs bread stories and recipes for the Indian kitchen / |
| Statement of responsibility, etc | by Saee Koranne [and] Khandekar |
| 260 ## - PUBLICATION, DISTRIBUTION, ETC. (IMPRINT) | |
| Place of publication, distribution, etc | Gurgaon |
| Name of publisher, distributor, etc | Hachette Book Publishing |
| Date of publication, distribution, etc | 2016 |
| 270 ## - ADDRESS | |
| Address | 4th/5th Floor, Corporete Center,Sector 44 |
| City | Gugaon |
| Postal code | 122003 |
| 300 ## - PHYSICAL DESCRIPTION | |
| Extent | xvi,256p. : |
| Other physical details | ill |
| Dimensions | 20cm.(pbk) |
| 700 ## - ADDED ENTRY--PERSONAL NAME | |
| Personal name | Khandekar |
| 942 ## - ADDED ENTRY ELEMENTS (KOHA) | |
| Source of classification or shelving scheme | Dewey Decimal Classification |
| Item type | English Books |
| Classification part | 641.815 |
| Call number suffix | KOR |
| Withdrawn status | Lost status | Not for loan | Collection code | Home library | Current library | Date acquired | Source of acquisition | Cost, normal purchase price | Full call number | Barcode | Copy number | Cost, replacement price | Koha item type |
|---|---|---|---|---|---|---|---|---|---|---|---|---|---|
| Non-fiction | Bawana | Bawana | 27/10/2016 | DBAD/PUB | 450.00 | 641.815 KOR | EN-99867 | 1 | 450.00 | English Books |
